000 00250nam a2200097Ia 4500
001 639883
005 20250826153436.0
008 250824s9999 xx 000 0 und d
245 0 _aAYNANIN İÇİNDEN
_cLEWIS CARROL
260 _bANTİK DÜNYA KLASİKLERİ
999 _c639883
_d639883